| 000 | 00354nam a22001217a 4500 | ||
|---|---|---|---|
| 082 |
_a954.0359 _bOFF |
||
| 245 | _aOfficial history of operations on the N W Frontier of India | ||
| 260 |
_aDelhi _bGovernament of India _c1936 |
||
| 300 |
_axviii, p 256 _billus, _c42cm |
||
| 526 |
_a0 _b0 _c0 _d954_035900000000000_OFF |
||
| 650 |
_aMCE _9379 |
||
| 942 |
_2ddc _cBK |
||
| 999 |
_c553265 _d553265 |
||